| 000 | 01066nam a22002777a 4500 | ||
|---|---|---|---|
| 003 | EG-ScBUE | ||
| 005 | 20221009100248.0 | ||
| 008 | 090909s1998 ua f 000 0 ara d | ||
| 017 | _a1998 / 7908 | ||
| 020 | _a9770156973 | ||
| 040 |
_aEG-ScBUE _bara _erda _cEG-ScBUE _dEG-ScBUE |
||
| 041 | 1 |
_aara _heng |
|
| 082 | 0 | 4 |
_222 _a701.18 _bف ي ش |
| 100 | 1 |
_98773 _aفيشر، إرنست، _d1899-1972، _eمؤلف. |
|
| 245 | 1 | 0 |
_aضرورة الفن / _cتأليف إرنست فيشر ؛ ترجمة أسعد حليم. |
| 264 | 1 |
_aالقاهرة : _bالهيئة المصرية العامة للكتاب، _c1998. |
|
| 300 |
_a303 صفحة ؛ _c24 سم. |
||
| 490 | 0 |
_aمكتبة الأسرة. _aالأعمال الفكرية |
|
| 546 | _aالنص باللغة العربية وتم ترجمته من اللغة الإنجليزية. | ||
| 650 | 7 |
_98778 _aالفن _xتاريخ ونقد. _2BUEsh |
|
| 650 | 7 |
_98779 _aالفن _xفلسفة. _2BUEsh |
|
| 653 | _bART | ||
| 655 | _vReading book | ||
| 700 | 1 |
_98774 _aحليم، أسعد، _eمترجم. |
|
| 942 |
_2ddc _cBB |
||
| 999 |
_c12773 _d12773 |
||